| 000 | 004440000a22001810004500 | ||
|---|---|---|---|
| 003 | MACL | ||
| 005 | 20151216134910.0 | ||
| 008 | 151216b xxu||||| |||| 00| 0 eng d | ||
| 040 |
_aMACL _cMACL |
||
| 041 | _aEnglish | ||
| 082 | _a030/PHI | ||
| 100 |
_aGeorge Philip Ltd _920352 |
||
| 245 | _aWorld History Encyclopedia | ||
| 260 |
_bGeorge Philip Ltd _c2000 |
||
| 350 | _a2385 | ||
| 650 |
_aEncyclopaedia _920381 |
||
| 942 |
_cBK _k030/PHI _2ddc |
||
| 999 |
_c40404 _d40404 |
||